00187nam a2200073Ia 4500008004100000245002900041260003400070260000900104170620s9999 xx 000 0 und d 0aChild in Home and School bNew Delhi- Sonali Publication c1997